Dinero y moneda en la Europa medieval
Gardado en:
| Autor Principal: | |
|---|---|
| Formato: | Libro |
| Idioma: | Lingua castelá |
| Publicado: |
Barcelona
Crítica
1991
|
| Subjects: | |
| Tags: |
Engadir etiqueta
Sen Etiquetas, Sexa o primeiro en etiquetar este rexistro!
|
MARC
| LEADER | 00000nam a2200000 a 4500 | ||
|---|---|---|---|
| 001 | UCL0540 | ||
| 003 | CL-VaPUC | ||
| 008 | 030728e19910000SP |||||||||||||||||spa|d | ||
| 020 | |a 8474235006 | ||
| 082 | 0 | 4 | |a 332.494 |b SPU |2 21 |
| 100 | 0 | |a Spufford, Peter |e author |9 477189 | |
| 245 | 1 | 0 | |a Dinero y moneda en la Europa medieval |
| 300 | |a 604 p | ||
| 942 | |c BK | ||
| 945 | |d 20030728 00:00:00 |a cmena | ||
| 260 | |a Barcelona |b Crítica |c 1991 | ||
| 650 | 0 | |a Dinero |9 314331 | |
| 650 | 0 | |a Política monetaria |9 258279 | |
| 650 | 0 | |a Historia de Europa |9 392003 | |
| 650 | 0 | |a Edad media |9 258041 | |
| 583 | |a last modification |c 20030728 00:00:00 |k Rodrigo Vera | ||
| 999 | |c 304358 |d 304356 | ||
| 952 | |0 0 |1 0 |4 0 |6 332_494000000000000_SPU_1991 |7 0 |8 A |9 366386 |a BIBHIS |b BIBHIS |d 2019-11-21 |i 3907317 |o 332.494 SPU 1991 |p 3907317 |r 2025-01-20 |w 2019-11-21 |y BK |k HIS | ||